00731nam a2200181Ia 4500008004100000020002200041041000800063082001700071100002100088245002600109260003300135300000900168700003600177906000700213999001700220952016200237952015000399230125s9999 xx 000 0 und d a978-81-7446-572-6 aeng a658.152bMIS aMishra B9109569 aFinancial Derivatives c2007bExcel BooksaNew Delhi a246p aMishra B & Debasish S S9109570 b97 c86260d86260 02104070aHIMRbHIMRd2016-12-10eDonated Book- Outside Donarg195.00o658.152 MIS DB2689pHIMR-DB-2689r2023-01-25 00:00:00v98.00w2023-01-25yDBzDB2689 02104070aHIMRbHIMRd2008-03-31eBooklandg195.00i6924o658.152 MIS B06348pHIMR-BK-6348r2023-01-25 00:00:00v156.00w2008-03-27yBKzB06348